Drużyna HERO w Fifie 22 - Statystyki

Ogólne statystyki
  • Ten quiz został rozwiązany 37 razy
  • Średni wynik to 9 z 19
Statystyki odpowiedzi
Ovr Piłkarz % Poprawnych
86 Dudek
87%
89 Ginola
80%
87 Cordoba
63%
89 Pele
63%
88 Di Natale
60%
87 Cole
53%
86 Keane
53%
89 Morientes
53%
87 Campos
50%
86 Al Jabber
47%
89 Kohler
47%
85 Ricken
47%
85 Dempsey
40%
88 Gomez
40%
86 Mostovoi
37%
85 Cahill
30%
86 Ljungberg
30%
88 Milito
30%
86 Solskjear
23%
Nie znaleziono quizów pasujących do podanych kryteriów
Rozkład punktacji
Procent ludzi z każdym wynikiem
Percentyl według liczby udzielonych odpowiedzi
Twoja historia wyników
Nie rozwiązałeś tego quizu